000 00383nam a2200145Ia 4500
008 230917s9999||||xx |||||||||||||| ||und||
040 _e95967
_aMAIN
041 _aEnglish
082 _a345.06 A52M
100 _aAhmed, Ejaz
245 0 _aMedical evidence and gist on non-medical evidence
260 _aNew Delhi
_bAshoka Law House
_c1996
300 _axxvi, 1149 p.
942 _cBK
999 _c104160
_d104160